书目信息 |
| 题名: |
中国地名录:中华人民共和国地图集地名索引
|
|
| 作者: | 地区名研究室 编 | |
| 分册: | ||
| 出版信息: | 地图出版社 北京 1983.10 |
|
| 页数: | 313页 | |
| 开本: | 16开 | |
| 丛书名: | ||
| 单 册: | ||
| 中图分类: | Z81 | |
| 科图分类: | ||
| 主题词: | 国家书目 | |
| 电子资源: | ||
| ISBN: | ||
| 000 | 00607nam0 2200193 45 | |
| 001 | 0006191580 | |
| 005 | 20000619150658.1 | |
| 010 | @d3.90元 | |
| 100 | @a20000619d1983 km y0chiy0120 ea | |
| 101 | 0 | @achi |
| 105 | @a z 000yy | |
| 200 | 1 | @a中国地名录:中华人民共和国地图集地名索引@AZhong Guo Di Ming Lu:Zhong Hua Ren Min Gong He Guo Di Tu Ji Di Ming Suo Yin@f地区名研究室编@FDi Qu Ming Yan Jiu Shi Bian |
| 210 | @a地图出版社@c北京@d1983.10 | |
| 215 | @a313页@d16开 | |
| 606 | 0 | @a国家书目 |
| 690 | @aZ81@v3 | |
| 701 | 0 | @a地区名研究室@4编 |
| 801 | @aCN@bPftUser@c20000619 | |
| 905 | @b207320@dZ81@eD21@f1 | |
| 中国地名录:中华人民共和国地图集地名索引/地区名研究室编.-地图出版社:北京,1983.10 |
| 313页;16开 |
| ISBN :3.90元 |
| ● |
| 相关链接 |
|
|
|
正题名:中国地名录:中华人民共和国地图集地名索引
索取号:Z81/D21
 
预约/预借
| 序号 | 登录号 | 条形码 | 馆藏地/架位号 | 状态 | 备注 |
| 1 | 207320 | 202073200 | 自科库501/501自科库 131排2列5层/ [索取号:Z81/D21] | 在馆 |